000 00429pab a2200169 454500
008 180718b2008 xxu||||| |||| 00| 0 eng d
100 _aSebastian, P.A.
245 _aNarco-analysis and the Indian criminal justice system
260 _c2008
300 _ap.19-20.
362 _a6 Sep
650 _aCriminal law - India
650 _aCriminal law
773 _aEconomic and Political Weekly
908 _aN
909 _a79489
999 _c79489
_d79489